<?xml version="1.0" encoding="UTF-8"?>
<record
    xmlns:xsi="http://www.w3.org/2001/XMLSchema-instance"
    xsi:schemaLocation="http://www.loc.gov/MARC21/slim http://www.loc.gov/standards/marcxml/schema/MARC21slim.xsd"
    xmlns="http://www.loc.gov/MARC21/slim">

  <leader>01375nam0a2200325   4500</leader>
  <controlfield tag="001">RU\NLR\ONL1\23110</controlfield>
  <controlfield tag="005">20250613223828.0</controlfield>
  <datafield tag="035" ind1=" " ind2=" ">
    <subfield code="a">(NLR Aleph) 010208831</subfield>
  </datafield>
  <datafield tag="090" ind1=" " ind2=" ">
    <subfield code="a">10265445</subfield>
    <subfield code="c">10265445</subfield>
  </datafield>
  <datafield tag="100" ind1=" " ind2=" ">
    <subfield code="a">20130513d1922    |||y0rusy50      ca</subfield>
  </datafield>
  <datafield tag="101" ind1="0" ind2=" ">
    <subfield code="a">kom</subfield>
  </datafield>
  <datafield tag="102" ind1=" " ind2=" ">
    <subfield code="a">RU</subfield>
  </datafield>
  <datafield tag="105" ind1=" " ind2=" ">
    <subfield code="a">a |||||||||</subfield>
  </datafield>
  <datafield tag="135" ind1=" " ind2=" ">
    <subfield code="a">crmn mmmanaba</subfield>
  </datafield>
  <datafield tag="200" ind1="1" ind2=" ">
    <subfield code="a">&#x428;&#x44B;&#x43F;&#x430;&#x441; j&#xF6;&#x440;&#x442;&#xF6;&#x434;</subfield>
    <subfield code="e">&#x43A;&#x43E;&#x43C;&#x438;&#x43E;&#x43D; &#x43B;&#x44B;&#x434;&#x434;&#x44B;&#x441;&#x43D;&#x44B; &#x432;&#x435;&#x43B;&#xF6;&#x434;&#x430;&#x43D;&#x447;&#x430;&#x43D; &#x45A;&#x438;&#x433;&#x430;</subfield>
    <subfield code="f">&#x416;&#x430;&#x43D;-&#x41C;&#x43E;&#x440;&#x43E;&#x441; (&#x418;. &#x422;. &#x427;&#x438;&#x441;&#x442;&#x430;&#x43B;&#x435;&#x432;)</subfield>
  </datafield>
  <datafield tag="210" ind1=" " ind2=" ">
    <subfield code="a">&#x421;&#x44B;&#x43A;&#x442;&#x44B;&#x432;&#x43A;&#x430;&#x440;</subfield>
    <subfield code="c">&#x41A;&#x43E;&#x43C;&#x438; &#x45A;&#x438;&#x433;&#x430; &#x43B;&#x435;&#x437;. &#x438;&#x43D;</subfield>
    <subfield code="d">1922</subfield>
  </datafield>
  <datafield tag="215" ind1=" " ind2=" ">
    <subfield code="a">21 &#x441;.</subfield>
    <subfield code="c">&#x438;&#x43B;.</subfield>
    <subfield code="d">26</subfield>
  </datafield>
  <datafield tag="325" ind1="1" ind2=" ">
    <subfield code="a">&#x41A;&#x43E;&#x43F;&#x438;&#x44F; &#x434;&#x43E;&#x441;&#x442;&#x443;&#x43F;&#x43D;&#x430; &#x432; &#x44D;&#x43B;&#x435;&#x43A;&#x442;&#x440;&#x43E;&#x43D;&#x43D;&#x43E;&#x439; &#x431;&#x438;&#x431;&#x43B;&#x438;&#x43E;&#x442;&#x435;&#x43A;&#x435; &#x420;&#x41D;&#x411;</subfield>
  </datafield>
  <datafield tag="541" ind1="1" ind2=" ">
    <subfield code="a">&#x411;&#x443;&#x43A;&#x432;&#x430;&#x440;&#x44C; &#x43A;&#x43E;&#x43C;&#x438; &#x44F;&#x437;&#x44B;&#x43A;&#x430;</subfield>
    <subfield code="z">rus</subfield>
  </datafield>
  <datafield tag="606" ind1="0" ind2=" ">
    <subfield code="a">&#x41A;&#x43E;&#x43C;&#x438;-&#x437;&#x44B;&#x440;&#x44F;&#x43D;&#x441;&#x43A;&#x438;&#x439; &#x44F;&#x437;&#x44B;&#x43A;</subfield>
    <subfield code="x">&#x411;&#x443;&#x43A;&#x432;&#x430;&#x440;&#x438;</subfield>
    <subfield code="9">2175256</subfield>
    <subfield code="3">RU\NLR\auth-onl\6624</subfield>
  </datafield>
  <datafield tag="686" ind1="1" ind2=" ">
    <subfield code="a">&#x428;166.421-920</subfield>
  </datafield>
  <datafield tag="700" ind1=" " ind2="1">
    <subfield code="a">&#x427;&#x438;&#x441;&#x442;&#x430;&#x43B;&#x435;&#x432;</subfield>
    <subfield code="b">&#x418;. &#x422;.</subfield>
    <subfield code="f">1893-1923</subfield>
    <subfield code="g">&#x418;&#x43E;&#x43D;&#x430; &#x422;&#x438;&#x43C;&#x43E;&#x444;&#x435;&#x435;&#x432;&#x438;&#x447;</subfield>
    <subfield code="4">070</subfield>
  </datafield>
  <datafield tag="801" ind1=" " ind2="0">
    <subfield code="a">RU</subfield>
    <subfield code="b">NLR</subfield>
    <subfield code="c">20130513</subfield>
    <subfield code="g">PSBO</subfield>
  </datafield>
  <datafield tag="852" ind1=" " ind2=" ">
    <subfield code="a">NLR</subfield>
    <subfield code="b">&#x41E;&#x41D;&#x41B;</subfield>
    <subfield code="j">&#x41A;&#x43E;&#x43C;&#x438;-&#x437;./4-120</subfield>
  </datafield>
  <datafield tag="901" ind1=" " ind2=" ">
    <subfield code="e">&#x41A;&#x43D;&#x438;&#x436;&#x43D;&#x44B;&#x435; &#x438;&#x437;&#x434;&#x430;&#x43D;&#x438;&#x44F;: &#x41E;&#x41D;&#x41B;</subfield>
  </datafield>
  <datafield tag="942" ind1=" " ind2=" ">
    <subfield code="c">BOOK</subfield>
  </datafield>
  <datafield tag="980" ind1=" " ind2=" ">
    <subfield code="a">NB</subfield>
  </datafield>
  <datafield tag="981" ind1="2" ind2="3">
    <subfield code="a">(23) &#x41D;&#x430;&#x446;&#x438;&#x43E;&#x43D;&#x430;&#x43B;&#x44C;&#x43D;&#x44B;&#x435; &#x43B;&#x438;&#x442;&#x435;&#x440;&#x430;&#x442;&#x443;&#x440;&#x44B;</subfield>
    <subfield code="b">(23) &#x41A;&#x43D;&#x438;&#x433;&#x438; &#x43D;&#x430; &#x43D;&#x430;&#x446;&#x438;&#x43E;&#x43D;&#x430;&#x43B;&#x44C;&#x43D;&#x44B;&#x445; &#x44F;&#x437;&#x44B;&#x43A;&#x430;&#x445;</subfield>
  </datafield>
  <datafield tag="995" ind1=" " ind2=" ">
    <subfield code="5">2016-02-12</subfield>
    <subfield code="a">ad</subfield>
    <subfield code="b">NLR01</subfield>
    <subfield code="c">NLR01</subfield>
    <subfield code="e">ONL</subfield>
    <subfield code="f">1-925667</subfield>
    <subfield code="k">&#x41E;&#x41D;&#x41B; &#x41A;&#x43E;&#x43C;&#x438;-&#x437;./4-120</subfield>
    <subfield code="o">0</subfield>
    <subfield code="p">0.00</subfield>
    <subfield code="r">BOOK</subfield>
    <subfield code="s">_4120</subfield>
  </datafield>
</record>
